000 00721naa a2200229 i 4500
001 102448
003 ES-MaBCM
005 20241016135732.0
008 041116s2004 fra 000 0 fre d
021 _axx
035 _a(OCoLC)1365218853
040 _cES-MaBCM
041 0 _afre
043 _afra
100 1 _aGuérard, Stéphane
_920600
245 1 0 _aLa démocratie locale en questions
_cStéphane Guérard
650 2 7 _aDemocracia
_958263
650 2 7 _aElecciones locales
_958502
651 4 _aFrancia
_9115364
773 0 _aEn:
_tRevue du droit public et de la science politique en France et à l'étranger
_dParis : 2004
_w104674
_gtome 120, nº 5, sept.-oct., p. 1291-1326. - Loc. S.263
942 _cAREV
999 _c102448
_d102448